Mikrofiše a jejich aplikace ve VTEI /

Salvato in:
Dettagli Bibliografici
Autori principali: Pilát, Ladislav (Autore), Černý, Jiří (Autore)
Natura: Libro
Pubblicazione: Praha : ÚVTEI, 1987
Tags: Aggiungi Tag
Nessun Tag, puoi essere il primo ad aggiungerne!!

MARC

LEADER 00000nam a22000003a 4500
001 stu20533
005 20150617225749.4
008 ------s1987----cs----------------------d
040 |a STU  |b slo 
041 0
044 |a cs 
080 |a 778.3 
080 |a 002 
100 1 |a Pilát, Ladislav  |4 aut 
245 1 |a Mikrofiše a jejich aplikace ve VTEI /  |c [aut.]Pilát,Ladislav, Černý,Jiří 
260 |a Praha :  |b ÚVTEI,  |c 1987 
300 |a 319 s :  |b Obr.,tab.,lit 
700 1 |a Černý, Jiří  |4 aut 
996 |b CB382  |c C*B382  |l CCI  |s A  |a 24  |w stu20533_0001 
996 |b CB383  |c C*B383  |l CCI  |s A  |a 24  |w stu20533_0002 
996 |b CB596  |c C*B596  |l CCI  |s A  |a 24  |w stu20533_0003